000 03035cam a22007214i 4500
003 PE-LiUPU
005 20250731170458.0
008 150706s2012 sp a rb 000 0 spa d
020 _a9788436826395
035 _a(Sirsi) i9788436826395
040 _aPE-LiUPU
_bspa
_cPE-LiUPU
_erda
049 _aPRUA
082 0 4 _a158
_bE34
_221
245 0 3 _aEl ejercicio de la psicología aplicada :
_bla profesión de psicólogo /
_cJosé Olivares Rodríguez [et al].
264 1 _aMadrid :
_bPirámide,
_c2012.
300 _a211 páginas :
_bilustraciones ;
_c24 centímetros.
336 _atext
_2rdacontent
337 _aunmediated
_2rdamedia
338 _avolume
_2rdacarrier
490 0 _aPsicología (Pirámide)
504 _aIncluye bibliografía.
505 0 _aConsideraciones preliminares. La psicología aplicada -- Concepto de problemas y trastornos psicológico -- El proceso de constatación de la existencia de un problema/trastorno psicológico -- El tratamiento psicológico.
526 _aSEG68
526 _aSEG70
526 _aSEG69
526 _aSEG67
526 _aSEG43
526 _aP144
526 _aP143
526 _aP131
526 _aP122
526 _aP120
526 _aP117
526 _aP112
526 _aP110
526 _aP106
526 _aP101
526 _aP80
526 _aP59
526 _aP54
526 _aP35
526 _aP33
526 _aP30
541 _g015-0015996;
541 _g015-0015996;
541 _g015-0015996;
650 0 4 _aPsicología aplicada.
650 0 4 _aPsicólogos.
650 0 4 _aPsicoterapia .
_91799
700 1 _aOlivares Rodríguez, José,
_eaut.
700 1 _aMaciá Antón, Diego,
_eautor.
700 1 _aRosa Alcázar, Ana Isabel,
_eautor.
910 _agl
_cng
_d20131104
942 _2ddc
_cBOOK
949 _a158 E34
_wDEWEY
_c1
_i68871
_lCCODEBUL1
_mBUL
_p33.00
_r0
_sY
_tBOOK
_u2015-7-6
_xSALUD
_PP33
_o.STAFF. Colección General
949 _a158 E34
_wDEWEY
_c2
_i68872
_lCCODEBUL1
_mBUL
_p33.00
_r0
_sY
_tBOOK
_u2015-7-6
_xSALUD
_PP33
_o.STAFF. Colección General
949 _a158 E34
_wDEWEY
_c3
_i68873
_lCCODEBUL1
_mBUL
_p33.00
_r0
_sY
_tBOOK
_u2015-7-6
_xSALUD
_PP33
_o.STAFF. Colección General
994 _aC0
_bPEPRU
596 _a1
999 _a158 E34
_wDEWEY
_c56067
_i68871
_d56067
_e2018-9-6
_f2021-11-3
_g5
_lCCODEBUL1
_mBUL
_n1
_p33.00
_q2
_r0
_sY
_tBOOK
_u2015-7-6
_xSALUD
_PP33
_0COMPRA
_o.STAFF. Colección Ciencias de la Salud
999 _a158 E34
_wDEWEY
_c2
_i68872
_d2018-9-19
_e2016-6-9
_f2021-11-3
_g5
_lCCODEBUL1
_mBUL
_n2
_p33.00
_q1
_r0
_sY
_tBOOK
_u2015-7-6
_xSALUD
_PP33
_0COMPRA
_o.STAFF. Colección Ciencias de la Salud
999 _a158 E34
_wDEWEY
_c3
_i68873
_d2019-1-9
_e2018-11-14
_f2021-11-3
_g5
_lCCODEBUL1
_mBUL
_n3
_p33.00
_q1
_r0
_sY
_tBOOK
_u2015-7-6
_xSALUD
_PP33
_0COMPRA
_o.STAFF. Colección Ciencias de la Salud
980 _81
_gALBERTO SANCHEZ Responsable de Automatización